A carregar...

Cases and materials on environment and pollution laws

Detalhes bibliográficos
Formato: Printed Book
Publicado em: Allahabad Law Publishers 2003
Edição:ed. 4
Assuntos:
LEADER 00443nam a22001337a 4500
020 |a 8171111017 
245 |a Cases and materials on environment and pollution laws 
250 |a ed. 4  
260 |a Allahabad  |b Law Publishers  |c 2003 
300 |a vii, 118p. 
653 |a Environmental law - Cases 
942 |c REF  |6 _ 
999 |c 185009  |d 185009 
952 |0 0  |1 0  |4 0  |6 3496_CAS03  |7 0  |9 238537  |a SLS  |b SLS  |d 2009-02-02  |o 349.6 CAS'03  |p SLS024216  |r 2009-02-02  |t 1  |w 2009-02-02  |y REF